00937nam a2200253 a 450000100060000000300080000600500170001400800410003103500190007204000350009104100080012608200270013424500690016126000530023030000330028349000580031650000200037465000230039470000290041783000660044694200120051299900170052495201420054167534BD-RjUL20211209081652.0170325s1953 njua 001 0 eng d a(BD-RjUL)67665 aBD-RjULbengdBD-RjULcBD-RjUL aeng a621.3813223bMIC 195300aMicrowave theory and techniques /cHerbert J. Reich ... [et al.] aPrinceton, N.J,aLondon :bVan Nostrand,cc1953. axiii, 902 p :bill ;c24 cm.1 aVan Nostrand series in electronics and communications aIncludes index. 0aMicrowaves92001061 aReich, Herbert J.938371 0aVan Nostrand series in electronics and communications9200108 2ddccBK c67534d67534 00102ddc40718NFICaRUCLbRUCLcReadingd1962-12-01eZeitlingerg84.00l0o621.3813 MIC 1953r2017-03-25 00:00:00tC-1w2017-03-25yBK